María Tequatlasupe (Record no. 1328)

MARC details
000 -CABECERA
campo de control de longitud fija 00746nam a2200205 a 4500
001 - NÚMERO DE CONTROL
campo de control BRCA_1466
005 - FECHA Y HORA DE LA ÚLTIMA TRANSACCIÓN
campo de control 20190320203436.0
008 - DATOS DE LONGITUD FIJA--INFORMACIÓN GENERAL
campo de control de longitud fija 141105s199u----mx-a######---#000-0#spa-d
041 ## - CÓDIGO DE LENGUA
Código de lengua del texto/banda sonora o título independiente spa
044 ## - CÓDIGO DEL PAÍS DE LA ENTIDAD EDITORA/PRODUCTORA
Código MARC del país mx
050 #4 - SIGNATURA TOPOGRÁFICA DE LA BIBLIOTECA DEL CONGRESO
Número de clasificación N8070
Número de documento/Ítem .E83 1990
100 1# - ENTRADA PRINCIPAL--NOMBRE DE PERSONA
Nombre de persona Escalada, Xavier
Títulos y otros términos asociados al nombre S. J.
Fechas asociadas al nombre 1918-2006
9 (RLIN) 4797
245 10 - MENCIÓN DE TÍTULO
Título María Tequatlasupe
Resto del título pequeños estudios en torno al gran hecho mexicano
Mención de responsabilidad, etc. Xavier Escalada S. J.
260 ## - PUBLICACIÓN, DISTRIBUCIÓN, ETC.
Lugar de publicación, distribución, etc. México
Nombre del editor, distribuidor, etc. Ideas y Promociones
Fecha de publicación, distribución, etc. [199?]
500 ## - NOTA GENERAL
Nota general Incluye grabado en cobre, por Samuel Stradamus. Pieza de la colección
500 ## - NOTA GENERAL
Nota general Estado físico: encuadernado, enero 2013
650 14 - PUNTO DE ACCESO ADICIONAL DE MATERIA--TÉRMINO DE MATERIA
Término de materia o nombre geográfico como elemento de entrada Guadalupe nuestra señora de
Subdivisión general Historia
Subdivisión geográfica México
9 (RLIN) 4798
650 14 - PUNTO DE ACCESO ADICIONAL DE MATERIA--TÉRMINO DE MATERIA
Término de materia o nombre geográfico como elemento de entrada Virgen de Guadalupe
Subdivisión general Historiografía
9 (RLIN) 4731
942 ## - ELEMENTOS DE PUNTO DE ACCESO ADICIONAL (KOHA)
Fuente del sistema de clasificación o colocación Library of Congress Classification
Tipo de ítem Koha Libros
Holdings
Estado de retiro Estado de pérdida Estado dañado No para préstamo Localización permanente Ubicación/localización actual Fecha de adquisición Total de préstamos Signatura topográfica completa Código de barras Fecha visto por última vez Precio válido a partir de Tipo de ítem Koha
El ejemplar forma parte de la colección y puede ser consultado según las políticas vigentes.       Biblioteca del Museo Franz Mayer (Rogerio Casas-Alatriste) Biblioteca del Museo Franz Mayer (Rogerio Casas-Alatriste) 26/06/2008   N8070 .E83 1990 01998 22/03/2019 22/03/2019 Libros